| 000 | 00921nam a22003017a 4500 | ||
|---|---|---|---|
| 003 | CHAP | ||
| 005 | 20220329134726.0 | ||
| 008 | 971013s1966 r 00010 d | ||
| 010 | _a24870 | ||
| 011 | _a25842 | ||
| 035 | _a29942 | ||
| 040 | _cCHAP | ||
| 082 |
_a336.72 _bB76 |
||
| 100 | 0 | 0 |
_aBrothers, Dwight S. _915591 |
| 245 | _aMexican financial development | ||
| 260 |
_aAustin : _bUniversity of Texas, _c1966 |
||
| 300 | _a236 p. | ||
| 590 |
_aBATCH-UPD _b10 _c20130110 _lUCH01 _h0856 |
||
| 590 |
_aBATCH-UPD _b10 _c20130410 _lUCH01 _h0527 |
||
| 590 |
_aBATCH-UPD _b10 _c20130914 _lUCH01 _h0752 |
||
| 590 |
_aCONVERSION _b10 _c20130109 _lUCH01 _h1314 |
||
| 650 | 1 | 4 |
_aFinanzas públicas _zMéxico. _940975 |
| 650 | 1 | 4 |
_aPolítica económica _zMéxico. _990535 |
| 700 | 1 |
_aSolís Manjarrez, Leopoldo. _9108445 |
|
| 901 | _aBK | ||
| 942 | _cLIBRO | ||
| 949 |
_a336.72 B76 _bBC _cLIBRO _d33724000339685 _eLIBRO _h82 _i29942 _si |
||
| 999 |
_c24870 _d24870 |
||